[Event "Florianopolis op 9th"]
[Site "Florianopolis"]
[Date "2023.01.25"]
[Round "4"]
[White "Zottis, Pietro"]
[Black "Da Cruz, Emerson"]
[Result "0-1"]
[WhiteElo "1316"]
[BlackElo "1615"]
[PlyCount "116"]
[EventDate "2023.01.23"]
[EventType "swiss"]
[EventRounds "10"]
[EventCountry "BRA"]
[SourceTitle "CBM 212 Extra"]
[Source "ChessBase"]
[SourceDate "2023.03.31"]
[SourceVersion "1"]
[SourceVersionDate "2023.03.31"]
[SourceQuality "1"]

1. d4 Nf6 2. Bf4 g6 3. e3 Bg7 4. Nf3 0-0 5. Be2 d6 6. c3 Nbd7 7. 0-0 b6 8. Nbd2 Bb7 9. Qc2 c5 10. Bg3 Rc8 11. Rad1 cxd4 12. exd4 Nh5 13. Rfe1 Nxg3 14. hxg3 Nf6 15. Qb1 Qd7 16. Bd3 Rc7 17. Re2 b5 18. a3 a5 19. Rde1 e6 20. Rc1 Rfc8 21. Ree1 Nd5 22. Be4 Nb6 23. Bxb7 Rxb7 24. Qd3 Rbc7 25. Kf1 d5 26. b3 a4 27. bxa4 Nxa4 28. Nb1 Qc6 29. Rc2 Qa6 30. Rec1 Qa5 31. Nfd2 Bf8 32. Nb3 Qb6 33. N3d2 Qa6 34. Ke1 h5 35. f3 Bh6 36. Kf2 Bxd2 37. Qxd2 Kg7 38. f4 Qb6 39. Qe3 Qd6 40. Ke2 Nb6 41. Qe5+ Qxe5+ 42. dxe5 Rc4 43. Kd3 Ra4 44. Rb2 Rc5 45. Rb3 h4 46. Rb4 hxg3 47. Rf1 Ra8 48. Rf3 Rh8 49. Rxg3 Rh1 50. Rb3 Na4 51. Rf3 Rg1 52. Rf2 Kh6 53. Kd2 Kh5 54. Ke2 Rxb1 55. Rxb1 Nxc3+ 56. Kf3 Nxb1 57. g3 Rc3+ 58. Kg2 Kg4 0-1

[Event "BRA-ch 87th"]
[Site "Cuiaba"]
[Date "2021.10.29"]
[Round "3"]
[White "Proudian, Armen"]
[Black "Da Cruz, Emerson"]
[Result "1-0"]
[WhiteElo "2427"]
[BlackElo "1623"]
[PlyCount "37"]
[EventDate "2021.10.28"]
[EventType "swiss"]
[EventRounds "11"]
[EventCountry "BRA"]
[SourceTitle "CBM 205 Extra"]
[Source "ChessBase"]
[SourceDate "2022.01.31"]
[SourceVersion "1"]
[SourceVersionDate "2022.01.31"]
[SourceQuality "1"]

1. e4 c5 2. Nf3 d6 3. d4 cxd4 4. Nxd4 Nf6 5. Nc3 a6 6. Be3 e5 7. Nb3 Be6 8. Qd2 Nbd7 9. f4 g6 10. 0-0-0 Ng4 11. g3 Nxe3 12. Qxe3 b5 13. Kb1 b4 14. Nd5 Rb8 15. Bxa6 Bg7 16. f5 gxf5 17. exf5 Bxf5 18. Nd4 Be6 19. Nc6 1-0